000 01784cam a22004574i 4500
003 PE-LiUPU
005 20250731172953.0
008 150623s r 000 0 d
020 _a0802809200
035 _a(Sirsi) i9780802809209
040 _aPE-LiUPU
_bspa
_cPE-LiUPU
_erda
049 _aPRUA
082 0 4 _a277.280 82
_bC22
_221
245 0 3 _aLa crisis centroamericana :
_bun enfoque cristiano /
_cGordon Spykman, coord.
264 1 _aMichigan :
_bNueva Creación,
_c1991.
300 _a306 páginas ;
_c21.5 centímetros
336 _atext
_2rdacontent
337 _aunmediated
_2rdamedia
338 _avolume
_2rdacarrier
504 _aIncluye bibliografía.
505 0 _aEl Dios de la vida o los ídolos de la muerte. -Muerte lucrativa o vida abundante. -Estrategias para el desarrollo: éxito devorado por el fracaso. -¡Avanzan los cubanos! ..¡avanzan los cubanos!. -La expansion de la guerra y la búsqueda de la paz. -Proclaman :¡democracia! "¡democracia!" pero no hay democracia. -El reino y el jubileo.
526 _aSEG42
526 _aSEG41
526 _aSEG40
526 _aSEG39
526 _aP94
526 _aP87
526 _aP86
526 _aP85
526 _aP77
526 _aP76
526 _aP35
651 _aAmérica Central
_xPolítica y gobierno
_y1979.
700 1 _aSpykman, Gordon,
_ecoord.
942 _2ddc
_cBOOK
949 _a277.280 82 C22
_wDEWEY
_c1
_i45085
_lCCODEBUL1
_mBUL
_r0
_sY
_tBOOK
_u2015-6-24
_xTEOLOGIA
_PP35
_0COMPRA
_o.STAFF. Colección General
994 _aC0
_bPEPRU
596 _a1
999 _a277.280 82 C22
_wDEWEY
_c21970
_i45085
_f2021-11-11
_g5
_lCCODEBUL1
_mBUL
_r0
_sY
_tBOOK
_u2015-6-24
_xTEOLOGIA
_PP35
_0COMPRA
_o.STAFF. Colección General
_d21970
980 _81
_gALBERTO SANCHEZ Responsable de Automatización